Loading...
| Religion | 0 | 8 | 0 | 0 | 80 | 103 | 124.63 | 0 | 0 | 0.00 | 0.00 |
| Social Science | 0 | 7 | 3 | 1 | 55 | 83 | 123.43 | 0 | 1 | 0.00 | 0.00 |
| Current Events | 0 | 5 | 0 | 1 | 50 | 89 | 106.80 | 0 | 1 | 0.00 | 0.00 |
| Other Academic | 0 | 5 | 1 | 2 | 45 | 96 | 117.60 | 1 | 3 | 0.00 | 0.00 |
| Science - Biology | 0 | 4 | 0 | 1 | 40 | 29 | 87.25 | 0 | 1 | 0.00 | 0.00 |
| History - Other | 0 | 5 | 2 | 0 | 40 | 70 | 94.00 | 0 | 0 | 0.00 | 0.00 |
| History - World | 0 | 5 | 2 | 1 | 40 | 101 | 129.60 | 0 | 0 | 0.00 | 0.00 |
| Mythology | 0 | 4 | 0 | 2 | 40 | 152 | 157.50 | 0 | 0 | 0.00 | 0.00 |
| Fine Arts - Other | 0 | 4 | 0 | 2 | 40 | 121 | 137.25 | 0 | 0 | 0.00 | 0.00 |
| Geography | 0 | 5 | 3 | 0 | 35 | 39 | 103.40 | 1 | 1 | 0.00 | 0.00 |
| History - American | 0 | 4 | 1 | 0 | 35 | 106 | 119.00 | 0 | 0 | 0.00 | 0.00 |
| History - European | 0 | 4 | 1 | 1 | 35 | 63 | 98.50 | 0 | 1 | 0.00 | 0.00 |
| Science - Other | 0 | 4 | 2 | 0 | 30 | 52 | 113.25 | 0 | 0 | 0.00 | 0.00 |
| Fine Arts - Painting & Sculpture | 0 | 3 | 1 | 1 | 25 | 120 | 135.00 | 0 | 0 | 0.00 | 0.00 |
| Philosophy | 0 | 2 | 0 | 1 | 20 | 127 | 134.50 | 0 | 0 | 0.00 | 0.00 |
| Literature - British | 0 | 2 | 0 | 1 | 20 | 135 | 143.00 | 0 | 0 | 0.00 | 0.00 |
| Literature - European | 0 | 2 | 0 | 2 | 20 | 161 | 163.00 | 0 | 0 | 0.00 | 0.00 |
| Literature - World | 0 | 2 | 1 | 0 | 15 | 135 | 140.50 | 0 | 0 | 0.00 | 0.00 |
| Science - Chemistry | 0 | 2 | 2 | 0 | 10 | 106 | 121.50 | 0 | 0 | 0.00 | 0.00 |
| Fine Arts - Classical Music | 0 | 1 | 0 | 0 | 10 | 147 | 147.00 | 0 | 0 | 0.00 | 0.00 |
| Literature - American | 0 | 0 | 1 | 0 | -5 | 0.00 | 0 | 0 | 0.00 | 0.00 |